Der streit des erzbishofs Günther II. mit der stadt Magdeburg. 1429-1435 ... (Record no. 23844)

MARC details
000 -LEADER
fixed length control field 00728cam a22002411 4500
001 - CONTROL NUMBER
control field g 01001819
003 - CONTROL NUMBER IDENTIFIER
control field DLC
005 - DATE AND TIME OF LATEST TRANSACTION
control field 20260227111256.0
008 - FIXED-LENGTH DATA ELEMENTS--GENERAL INFORMATION
fixed length control field 890204s1900 gw 000 0 ger
010 ## - LIBRARY OF CONGRESS CONTROL NUMBER
LC control number g 01001819
035 ## - SYSTEM CONTROL NUMBER
System control number (OCoLC)19103002
040 ## - CATALOGING SOURCE
Original cataloging agency DLC
Transcribing agency CU
Modifying agency CU
-- DLC
042 ## - AUTHENTICATION CODE
Authentication code premarc
050 00 - LIBRARY OF CONGRESS CALL NUMBER
Classification number DD901.M15
Item number F3
100 1# - MAIN ENTRY--PERSONAL NAME
Personal name Faust, Wilhelm,
Dates associated with a name 1875-
245 04 - TITLE STATEMENT
Title Der streit des erzbishofs Günther II. mit der stadt Magdeburg. 1429-1435 ...
260 ## - PUBLICATION, DISTRIBUTION, ETC.
Place of publication, distribution, etc. Halle a.S.,
Name of publisher, distributor, etc. Druck von E. Karras,
Date of publication, distribution, etc. 1900.
300 ## - PHYSICAL DESCRIPTION
Extent 2 p. l., 58 p., 1 l.
Dimensions 23 cm.
502 ## - DISSERTATION NOTE
Dissertation note Inaug.-diss.--Halle.
500 ## - GENERAL NOTE
General note Vita.
600 00 - SUBJECT ADDED ENTRY--PERSONAL NAME
Personal name Günther
Numeration II,
Titles and other words associated with a name abp. of Magdeburg,
Dates associated with a name 1382-1442.
651 #0 - SUBJECT ADDED ENTRY--GEOGRAPHIC NAME
Geographic name Magdeburg (Germany)
General subdivision History.

No items available.

Powered by Koha